Nhớ mãi một thời gian khó

Tập hợp các bài nói, phát biểu của đồng chí Hoàng Minh Thắng tại hội nghị của các cấp ủy Đảng, chính quyền, các ban ngành, đoàn thể, tổ chức chính trị, xã hội,... trong giai đoạn 1945-1985, làm tái hiện phần nào chặng đường phát triển của tỉnh Quảng Nam-Đà Nẵng. Đồng thời thấy được tấm lòng, sự tâm...

ver descrição completa

Na minha lista:
Detalhes bibliográficos
Autor principal: Hoàng Minh Thắng
Formato: Livro
Idioma:Vietnamese
Publicado em: H. Chính trị Quốc gia 2006
Assuntos:
Tags: Adicionar Tag
Sem tags, seja o primeiro a adicionar uma tag!
Thư viện lưu trữ: Mạng thư viện Đại học Đà Nẵng
LEADER 01789nam a2200409 4500
001 000007377
003 3538
005 20111013101045.0
008 110929s2006 viesd
020 |c 60000đ 
041 0 |a vie 
082 |a 330.95975  |b HO-T 
100 0 |a Hoàng Minh Thắng 
245 0 |a Nhớ mãi một thời gian khó  |c Hoàng Minh Thắng 
260 |a H.  |b Chính trị Quốc gia  |c 2006 
300 |a 530 tr  |b ảnh  |c 21 cm 
520 |a Tập hợp các bài nói, phát biểu của đồng chí Hoàng Minh Thắng tại hội nghị của các cấp ủy Đảng, chính quyền, các ban ngành, đoàn thể, tổ chức chính trị, xã hội,... trong giai đoạn 1945-1985, làm tái hiện phần nào chặng đường phát triển của tỉnh Quảng Nam-Đà Nẵng. Đồng thời thấy được tấm lòng, sự tâm huyết và vai trò của một vị lãnh đạo, một người con đất Quảng, Hoàng Minh Thắng. 
653 |a Đảng Cộng sản Việt Nam 
653 |a Xây dựng 
653 |a Lịch sử 
653 |a Chủ nghĩa xã hội 
653 |a Đảng bộ 
653 |a Lãnh đạo 
653 |a Thành tựu 
653 |a Kháng chiến chống Mỹ 
700 |a Hoàng Minh Thắng 
910 |a Nguyễn Thị Kim Oanh  |d 29/09/2011 
OWN |a LSP 
AVA |a UDN50  |b LSP  |d 330.95975 HO-T  |e available  |t Error 5001 Not defined in file expand_doc_bib_avail.  |f 2  |g 0  |h N  |i 0  |k 1 
999 |a From the UDN01 
AVA |a UDN50  |b LSP  |d 330.95975 HO-T  |e available  |t Error 5001 Not defined in file expand_doc_bib_avail.  |f 2  |g 0  |h N  |i 0  |k 1 
TYP |a Monograph 
TYP |a Printed language 
980 |a Mạng thư viện Đại học Đà Nẵng